[Event "Otocec U16 op"]
[Site "Otocec"]
[Date "2015.06.07"]
[Round "7"]
[White "Kuhar, Larisa"]
[Black "Krzan, Peter"]
[Result "0-1"]
[WhiteElo "1438"]
[BlackElo "1626"]
[PlyCount "88"]
[EventDate "2015.05.10"]
[EventType "swiss"]
[EventRounds "9"]
[EventCountry "SLO"]
[SourceTitle "EXT 2023"]
[Source "ChessBase"]
[SourceDate "2022.10.05"]
[SourceVersion "1"]
[SourceVersionDate "2022.10.05"]
[SourceQuality "1"]

1. e4 e5 2. Nf3 Nc6 3. Bb5 f5 4. d3 fxe4 5. dxe4 Nf6 6. 0-0 d6 7. Nc3 Be7 8. h3 0-0 9. Bc4+ Kh8 10. Ng5 Qe8 11. Ne6 Bxe6 12. Bxe6 Nd4 13. Bc4 Qg6 14. f3 Nh5 15. Be3 Nf4 16. Bxf4 Rxf4 17. Nd5 Bg5 18. Nxf4 Bxf4 19. Kh1 Qg3 20. Kg1 Qh2+ 21. Kf2 Bg3+ 22. Ke3 Qxg2 23. c3 Nc2+ 24. Kd3 Nxa1 25. Qxa1 Bf4 26. Qd1 Qxh3 27. Rh1 Qg2 28. Bb3 Qxb2 29. Qe2 Qxe2+ 30. Kxe2 c6 31. Rb1 b5 32. Be6 Rd8 33. Kd3 g6 34. Ke2 Kg7 35. Bg4 h5 36. Bh3 Kf6 37. Rd1 a5 38. a3 Ke7 39. Kf2 c5 40. Rb1 Rb8 41. Ke2 b4 42. cxb4 cxb4 43. axb4 axb4 44. Kd1 Kf6 0-1

[Event "Otocec U16 op"]
[Site "Otocec"]
[Date "2015.05.24"]
[Round "5.9"]
[White "Amon, Jan"]
[Black "Krzan, Peter"]
[Result "0-1"]
[WhiteElo "1250"]
[BlackElo "1626"]
[PlyCount "92"]
[EventDate "2015.05.10"]
[EventType "swiss"]
[EventRounds "9"]
[EventCountry "SLO"]
[SourceTitle "EXT 2023"]
[Source "ChessBase"]
[SourceDate "2022.10.05"]
[SourceVersion "1"]
[SourceVersionDate "2022.10.05"]
[SourceQuality "1"]

1. Nf3 Nc6 2. d4 d5 3. c4 e6 4. Nc3 Nf6 5. Bg5 Be7 6. e3 0-0 7. Bd3 b6 8. cxd5 Nxd5 9. Bxe7 Ndxe7 10. a3 Bb7 11. 0-0 h6 12. Bc2 Qd7 13. Qd3 f5 14. Bb3 Rad8 15. Qc4 Nd5 16. Nxd5 exd5 17. Qd3 Ne7 18. Ne5 Qd6 19. Rac1 c5 20. Nf3 c4 21. Bxc4 dxc4 22. Qxc4+ Bd5 23. Qe2 Rc8 24. Rxc8 Rxc8 25. h3 Bc4 26. Qe1 Bxf1 27. Qxf1 Qc6 28. Qa6 Ng6 29. Qxa7 Qc1+ 30. Kh2 Qc7+ 31. Qxc7 Rxc7 32. Ne1 Kf7 33. f4 Ke6 34. Kg3 Kd5 35. h4 h5 36. b4 Rc3 37. Kf3 Rxa3 38. Nc2 Rc3 39. Ne1 Rc1 40. Nd3 Rc3 41. Ne1 Ne7 42. Kf2 Nc6 43. b5 Nb4 44. Kf3 Nc2 45. Nxc2 Rxc2 46. Kg3 Ke4 0-1

[Event "Otocec U16 op"]
[Site "Otocec"]
[Date "2015.05.24"]
[Round "6"]
[White "Krzan, Peter"]
[Black "Bajt, Hana"]
[Result "0-1"]
[WhiteElo "1626"]
[BlackElo "1548"]
[PlyCount "120"]
[EventDate "2015.05.10"]
[EventType "swiss"]
[EventRounds "9"]
[EventCountry "SLO"]
[SourceTitle "EXT 2023"]
[Source "ChessBase"]
[SourceDate "2022.10.05"]
[SourceVersion "1"]
[SourceVersionDate "2022.10.05"]
[SourceQuality "1"]

1. e4 e5 2. Nf3 Nc6 3. d4 exd4 4. Nxd4 Bc5 5. Nb3 Bb6 6. Qe2 Nge7 7. Be3 0-0 8. Nc3 d6 9. f3 Be6 10. 0-0-0 Bxe3+ 11. Qxe3 a5 12. Nc5 b6 13. Nxe6 fxe6 14. Bc4 Qc8 15. Ne2 Ne5 16. Bb5 Qb7 17. f4 N5g6 18. Rhf1 Rad8 19. Nd4 Qc8 20. Bc4 d5 21. Bb3 c5 22. Ne2 d4 23. Qd3 Kh8 24. g4 Qc6 25. Bc4 Nc8 26. Bb5 Qc7 27. e5 Na7 28. Bc4 Qc6 29. Qh3 Ne7 30. f5 exf5 31. gxf5 b5 32. f6 gxf6 33. Bd3 f5 34. Bxf5 Nxf5 35. Rxf5 Rxf5 36. Qxf5 Qh6+ 37. Kb1 Rf8 38. Qd7 Qg7 39. Qxg7+ Kxg7 40. Ng3 Nc6 41. Re1 Rf2 42. e6 Ne7 43. Ne4 Rxh2 44. Rg1+ Kf8 45. Nxc5 h5 46. a3 h4 47. Nd7+ Ke8 48. Rf1 Kd8 49. Rf8+ Kc7 50. Nf6 Kd6 51. Ng4 Rg2 52. Rf4 h3 53. Rxd4+ Kxe6 54. c4 bxc4 55. Rxc4 Nd5 56. b4 axb4 57. axb4 Kf5 58. Rc5 Kxg4 59. Rxd5 h2 60. Rd4+ Kf3 0-1

[Event "SLO-CupT"]
[Site "Novo Mesto"]
[Date "2015.03.29"]
[Round "4"]
[White "Krzan, Peter"]
[Black "Copi, Ambroz"]
[Result "0-1"]
[WhiteElo "1572"]
[BlackElo "1827"]
[PlyCount "82"]
[EventDate "2015.03.27"]
[EventType "team-swiss"]
[EventRounds "5"]
[EventCountry "SLO"]
[SourceTitle "EXT 2019"]
[Source "ChessBase"]
[SourceDate "2018.10.10"]
[SourceVersion "1"]
[SourceVersionDate "2018.10.10"]
[SourceQuality "1"]
[WhiteTeam "Krsko Triglav II"]
[BlackTeam "Novo Mesto Krka II"]
[WhiteTeamCountry "SLO"]
[BlackTeamCountry "SLO"]

1. e4 c5 2. Nf3 Nc6 3. d4 cxd4 4. Nxd4 Nf6 5. Nc3 e5 6. Ndb5 d6 7. Nd5 Nxd5 8. exd5 Nb8 9. c4 a6 10. Nc3 Be7 11. Bd3 0-0 12. 0-0 f5 13. f3 Nd7 14. Be3 Bg5 15. Bf2 Qf6 16. Qc2 b6 17. b4 Rb8 18. Rad1 Bb7 19. Qb3 Kh8 20. a3 Qh6 21. Qc2 g6 22. Qe2 Qg7 23. Na4 Ba8 24. Rfe1 Bf6 25. Rd2 e4 26. fxe4 f4 27. Rc1 Ne5 28. Rdc2 f3 29. gxf3 Bg5 30. Rf1 Rxf3 31. Rc3 Rbf8 32. Qd1 Ng4 33. Bxb6 Nxh2 34. Rxf3 Nxf3+ 35. Kg2 Qe5 36. Qxf3 Rxf3 37. Kxf3 Qf4+ 38. Kg2 Qd2+ 39. Kh3 Bb7 40. Bd4+ Kg8 41. Nb6 Be3 0-1

[Event "SLO-ch U14"]
[Site "Bled"]
[Date "2015.02.23"]
[Round "5"]
[White "Krzan, Peter"]
[Black "Ahtik, Stas"]
[Result "1-0"]
[WhiteElo "1572"]
[BlackElo "1450"]
[PlyCount "47"]
[EventDate "2015.02.21"]
[EventType "swiss"]
[EventRounds "9"]
[EventCountry "SLO"]
[SourceTitle "EXT 2023"]
[Source "ChessBase"]
[SourceDate "2022.10.05"]
[SourceVersion "1"]
[SourceVersionDate "2022.10.05"]
[SourceQuality "1"]

1. e4 c5 2. Nf3 Nc6 3. d4 cxd4 4. Nxd4 d6 5. Nc3 Nf6 6. Be3 a6 7. f3 e5 8. Nb3 b5 9. Qd2 Be7 10. 0-0-0 0-0 11. g4 Rb8 12. h4 b4 13. Ne2 a5 14. Kb1 a4 15. Nbc1 Na5 16. b3 axb3 17. cxb3 Be6 18. g5 Nd7 19. Bh3 Bxh3 20. Rxh3 Re8 21. h5 g6 22. hxg6 fxg6 23. Qd5+ Kg7 24. Rxh7+ 1-0

[Event "SLO-chT U16"]
[Site "Moravske Toplice"]
[Date "2014.05.16"]
[Round "2"]
[White "Kolsek, Jan"]
[Black "Krzan, Peter"]
[Result "0-1"]
[WhiteElo "1605"]
[BlackElo "1529"]
[PlyCount "30"]
[EventDate "2014.05.16"]
[EventType "team-swiss"]
[EventRounds "6"]
[EventCountry "SLO"]
[SourceTitle "EXT 2022"]
[Source "ChessBase"]
[SourceDate "2021.10.06"]
[SourceVersion "1"]
[SourceVersionDate "2021.10.06"]
[SourceQuality "1"]

1. e4 e5 2. Nf3 Nc6 3. d4 exd4 4. Bc4 Nf6 5. e5 Ng4 6. 0-0 d6 7. Re1 Ngxe5 8. Nxd4 Be7 9. Bb5 0-0 10. Nc3 Bf6 11. Nd5 Nxd4 12. Nxf6+ Qxf6 13. Bd3 Nxd3 14. Qxd3 Bf5 15. Qg3 Nxc2 0-1

[Event "SLO-CupT"]
[Site "Ljubljana"]
[Date "2013.09.21"]
[Round "3.4"]
[White "Krzan, Peter"]
[Black "Praznik, Anton"]
[Result "0-1"]
[WhiteElo "1531"]
[BlackElo "2160"]
[PlyCount "52"]
[EventDate "2013.09.20"]
[EventType "team-swiss"]
[EventRounds "5"]
[EventCountry "SLO"]
[SourceTitle "EXT 2019"]
[Source "ChessBase"]
[SourceDate "2018.10.10"]
[SourceVersion "1"]
[SourceVersionDate "2018.10.10"]
[SourceQuality "1"]
[WhiteTeam "Krsko Triglav"]
[BlackTeam "Vrhnika"]
[WhiteTeamCountry "SLO"]
[BlackTeamCountry "SLO"]

1. e4 d6 2. d4 Nf6 3. Nc3 g6 4. f3 c6 5. Nge2 b5 6. Nf4 Qc7 7. d5 b4 8. Nce2 c5 9. c3 bxc3 10. Nxc3 a6 11. Qa4+ Bd7 12. Bb5 Ra7 13. Bxd7+ Nbxd7 14. Be3 Bg7 15. Ne6 fxe6 16. dxe6 0-0 17. exd7 Qxd7 18. Qc4+ Kh8 19. b4 d5 20. exd5 Nxd5 21. Bd2 Qe6+ 22. Kf2 Bd4+ 23. Kg3 Qe5+ 24. f4 Nxf4 25. Bxf4 Qxf4+ 26. Kh3 Qh6+ 0-1

[Event "SLO-ch 23rd"]
[Site "Sentjur"]
[Date "2013.04.13"]
[Round "8"]
[White "Krzan, Peter"]
[Black "Subelj, Jan"]
[Result "0-1"]
[WhiteElo "1520"]
[BlackElo "1503"]
[PlyCount "86"]
[EventDate "2013.04.06"]
[EventType "swiss"]
[EventRounds "9"]
[EventCountry "SLO"]
[SourceTitle "CBM 153 Extra"]
[Source "ChessBase"]
[SourceDate "2013.04.22"]
[SourceVersion "1"]
[SourceVersionDate "2013.04.22"]
[SourceQuality "1"]

1. e4 e5 2. Nf3 Nc6 3. d4 exd4 4. Nxd4 Bc5 5. Nb3 Bb6 6. Qe2 d6 7. Be3 Nf6 8. Nc3 0-0 9. 0-0-0 Re8 10. f3 Ne5 11. g4 Nexg4 12. Bxb6 axb6 13. fxg4 Bxg4 14. Qd3 Bxd1 15. Kxd1 Qe7 16. Bg2 Ng4 17. Qg3 Qg5 18. Re1 h5 19. h3 Qe5 20. Qxe5 Nxe5 21. a3 Rac8 22. Nd5 Nc4 23. Kc1 c6 24. Nf4 g6 25. Nd2 Ne5 26. Nf3 Nc4 27. h4 b5 28. Kb1 Re7 29. Kc1 Ra8 30. Nd2 Ne5 31. Rg1 Kf8 32. Nf3 Nc4 33. Nd2 Nb6 34. Rf1 Ke8 35. Nb3 Nc4 36. Bf3 b4 37. axb4 b5 38. Nd3 Rea7 39. Kb1 Nd2+ 40. Kc1 Nxb3+ 41. Kd1 Ra1+ 42. Ke2 Nd4+ 43. Kf2 Rxf1+ 0-1

[Event "SLO-ch 23rd"]
[Site "Sentjur"]
[Date "2013.04.07"]
[Round "2"]
[White "Brinovec, David"]
[Black "Krzan, Peter"]
[Result "1-0"]
[WhiteElo "1836"]
[BlackElo "1520"]
[PlyCount "41"]
[EventDate "2013.04.06"]
[EventType "swiss"]
[EventRounds "9"]
[EventCountry "SLO"]
[SourceTitle "CBM 153 Extra"]
[Source "ChessBase"]
[SourceDate "2013.04.22"]
[SourceVersion "1"]
[SourceVersionDate "2013.04.22"]
[SourceQuality "1"]

1. e4 e5 2. Nf3 Nc6 3. d4 exd4 4. Nxd4 Nf6 5. Nc3 Bb4 6. Nxc6 bxc6 7. Bd3 0-0 8. 0-0 h6 9. e5 Nd5 10. Nxd5 cxd5 11. Qg4 Qe7 12. a3 Bc5 13. Bxh6 Qxe5 14. Rae1 Qf6 15. Bg5 Qb6 16. b4 Bd6 17. Kh1 f6 18. Bh6 Rf7 19. Qg6 f5 20. Bxf5 Rxf5 21. Qxg7# 1-0

[Event "Nova Gorica op-A 18th"]
[Site "Nova Gorica"]
[Date "2013.01.28"]
[Round "6"]
[White "Krejic, Nik"]
[Black "Krzan, Peter"]
[Result "1-0"]
[WhiteElo "1551"]
[BlackElo "1595"]
[PlyCount "32"]
[EventDate "2013.01.25"]
[EventType "swiss"]
[EventRounds "9"]
[EventCountry "SLO"]
[SourceTitle "CBM 152 Extra"]
[Source "ChessBase"]
[SourceDate "2013.02.25"]
[SourceVersion "1"]
[SourceVersionDate "2013.02.25"]
[SourceQuality "1"]

1. d4 d5 2. c4 c6 3. Nc3 Nf6 4. Nf3 a6 5. Bg5 Nbd7 6. e3 b5 7. cxb5 cxb5 8. Bd3 e6 9. 0-0 Be7 10. Qb3 0-0 11. Rac1 Nb6 12. Ne5 Bb7 13. Rfd1 Nc4 14. Nxc4 bxc4 15. Bxc4 Rb8 16. Bd3 Bc8 1-0

[Event "Nova Gorica op-A 18th"]
[Site "Nova Gorica"]
[Date "2013.01.27"]
[Round "5"]
[White "Krzan, Peter"]
[Black "Kolsek, Jan"]
[Result "1-0"]
[WhiteElo "1595"]
[BlackElo "1631"]
[PlyCount "53"]
[EventDate "2013.01.25"]
[EventType "swiss"]
[EventRounds "9"]
[EventCountry "SLO"]
[SourceTitle "CBM 152 Extra"]
[Source "ChessBase"]
[SourceDate "2013.02.25"]
[SourceVersion "1"]
[SourceVersionDate "2013.02.25"]
[SourceQuality "1"]

1. e4 d5 2. exd5 Qxd5 3. Nc3 Qa5 4. d4 c6 5. Bd2 Qc7 6. Bd3 Nf6 7. h3 e6 8. Nf3 Bd6 9. Ne4 Nxe4 10. Bxe4 0-0 11. c4 c5 12. Bc3 Nc6 13. Qc2 h6 14. 0-0-0 Bf4+ 15. Kb1 Bd6 16. g4 a5 17. h4 a4 18. h5 Nb4 19. Qe2 f5 20. gxf5 exf5 21. Bc2 Bd7 22. Rhg1 Rf7 23. dxc5 Bxc5 24. Qd2 Qb6 25. Rg6 Bc6 26. Qxh6 Bf8 27. Ng5 1-0

[Event "Nova Gorica op-A 18th"]
[Site "Nova Gorica"]
[Date "2013.01.26"]
[Round "2"]
[White "Jelen, Miha"]
[Black "Krzan, Peter"]
[Result "1-0"]
[WhiteElo "1531"]
[BlackElo "1595"]
[PlyCount "61"]
[EventDate "2013.01.25"]
[EventType "swiss"]
[EventRounds "9"]
[EventCountry "SLO"]
[SourceTitle "CBM 152 Extra"]
[Source "ChessBase"]
[SourceDate "2013.02.25"]
[SourceVersion "1"]
[SourceVersionDate "2013.02.25"]
[SourceQuality "1"]

1. e4 e5 2. Nf3 Nc6 3. Nc3 Bc5 4. Nxe5 Nxe5 5. d4 Bd6 6. dxe5 Bxe5 7. Bd3 d6 8. 0-0 Nf6 9. h3 h6 10. Be3 0-0 11. f4 Bxc3 12. bxc3 Re8 13. Qf3 Qe7 14. Rfe1 c6 15. Rad1 Be6 16. a3 d5 17. e5 Ne4 18. Bxe4 dxe4 19. Qxe4 Qxa3 20. f5 Bd5 21. Qg4 Kh7 22. c4 Rxe5 23. Bd4 Rxe1+ 24. Rxe1 Qf8 25. cxd5 cxd5 26. f6 gxf6 27. Qf5+ Kg8 28. Qxf6 Kh7 29. Qf5+ Kg8 30. Re3 Qb4 31. Qg4+ 1-0